| 000 | 01626nam a22002297a 4500 | ||
|---|---|---|---|
| 001 | 6638 | ||
| 003 | FISKH | ||
| 005 | 20250516143517.0 | ||
| 008 | 250516b cb ||||| |||| 00| 0 eng d | ||
| 040 |
_aFISKH _bkhr _cFISKH _dFISKH |
||
| 082 | _a510 | ||
| 100 | _aBunthorn, Ouch | ||
| 245 |
_aកំរងវិញ្ញាសាគណិតវិទ្យា / _cអ៊ូច ប៊ុនថន |
||
| 260 |
_aភ្នំពេញ : _c២០០៩ . |
||
| 300 |
_a171 pages : _billustrations ; _c20 cm . |
||
| 520 | _a«កំរងវិញ្ញាសាគណិតវិទ្យា» គឺជាសៀវភៅបណ្តុំលំហាត់គណិតវិទ្យាដ៏ពេញលេញ មួយដែលបានរៀបរៀងដោយលោក អ៊ូច ប៊ុនថន។ កំរងនេះជាធនធានមានតម្លៃសម្រាប់សិស្សក្នុងការត្រៀមប្រឡងគណិតវិទ្យានានា រួមទាំងកម្រិតគ្រូមធ្យមសិក្សា បឋមសិក្សានិងការប្រលងផ្សេងៗ។ | ||
| 520 | _a"Kamrong Vinyasa Konnit Vityea" is a comprehensive mathematics exercise book compiled by Ouch Bunthan. This collection is a valuable resource for students preparing for various mathematics examinations, including those at the primary, lower secondary, and teacher training levels, as well as other types of exams. | ||
| 650 | _aគណិតវិទ្យា | ||
| 650 | _aMathematic | ||
| 942 |
_2ddc _cKHB _n0 |
||
| 999 |
_c6638 _d6638 |
||